Statistics for Foreigners in the United States by Country of Birth

Click here to take the quiz!

General Stats

  • This quiz has been taken 151 times
  • The average score is 15 of 20

Answer Stats

# PopulationCountry of origin% Correct
2,383,831China
99%
11,584,977Mexico
99%
695,489United Kingdom
96%
2,034,677India
95%
840,192Canada
90%
584,184Germany
88%
1,144,024Cuba
83%
677,231Colombia
80%
1,070,335South Korea
78%
902,293Guatemala
75%
1,281,010Vietnam
73%
533,598Honduras
70%
1,843,989Philippines
70%
593,980Haiti
66%
991,046Dominican Republic
64%
440,292Peru
63%
714,743Jamaica
61%
1,252,067El Salvador
60%
432,601Poland
59%
427,906Ecuador
49%

Score Distribution

Percentile by Number Answered

Percent of People with Each Score

Your Score History

You have not taken this quiz